| LDR | 00000nam c2200205 c 4500 | |
|---|---|---|
| 001 | 000000341332 | |
| 005 | 20260420091502 | |
| 007 | ta | |
| 008 | 260416s2026 ulk r 00a kor | |
| 020 | ▼a 9788982735776 ▼g 04810 : ▼c \19000 | |
| 020 | ▼a 9788982735738(set) | |
| 040 | ▼a 248032 ▼c 248032 ▼d 248032 | |
| 049 | 0 | ▼l EM111973 ▼v 4 |
| 056 | ▼a 813.6 ▼2 4 | |
| 090 | ▼a 813.6 ▼b 이64ㄴ | |
| 245 | 20 | ▼a 눈물을 마시는 새. ▼n 4 ▼p 왕을 찾아헤매는 인간 / ▼d 이영도 |
| 250 | ▼a 1판 | |
| 260 | ▼a 서울 : ▼b 황금가지, ▼c 2026 | |
| 300 | ▼a 444 p. ; ▼c 23 cm | |
| 653 | ▼a 판타지소설 ▼a 한국 소설 ▼a 한국 문학 | |
| 700 | 1 | ▼a 이영도, ▼e 저 |
| 950 | 0 | ▼b \19000 |
| 990 | ▼a 관리자2 ▼b 관리자2 |